| 000 | 00791nam a2200241 a 4500 | ||
|---|---|---|---|
| 001 | 55759 | ||
| 003 | BD-RjUL | ||
| 005 | 20211209080317.0 | ||
| 008 | 161121b1922 enk||||| |||| 001 0aeng d | ||
| 035 | _a(BD-RjUL)55883 | ||
| 040 |
_aBD-RjUL _beng _dBD-RjUL _cBD-RjUL |
||
| 041 | _aeng | ||
| 082 |
_223 _a823.092 _bBIL 1922 |
||
| 100 | 1 |
_aBirrell, Augustine, _d1850-1933. _9166057 |
|
| 245 | 1 | 0 |
_aLife and writings of Charlotte Brontë / _c Augustine Birrell. |
| 260 |
_aLondon : _bWalter Scott Publishing Co., _c[1922?]. |
||
| 300 |
_a186, vii p. ; _c18 cm. |
||
| 490 | _aGreat writers | ||
| 504 | _aBibliography (p. i-vii) by John P. Anderson, and index p. [183]-186. | ||
| 600 | 1 | 0 |
_aBrontë, Charlotte, _d1816-1855 _xBiography _9176567 |
| 830 | 0 |
_aGreat writers _9176568 |
|
| 942 |
_2ddc _cBK |
||
| 999 |
_c55759 _d55759 |
||